Postacie z Brawl Stars - Statystyki

Ogólne statystyki
  • Ten quiz został rozwiązany 5 957 razy
    3 927 od ostatniego zresetowania
  • Średni wynik to 38 z 101
Statystyki odpowiedzi
Rzadkość Postać % Poprawnych
Zadymiarz Początkowy Shelly
93%
Rzadki Colt
83%
Legendarny Leon
77%
Rzadki Bull
76%
Rzadki Nita
74%
Legendarny Spike
74%
Rzadki El Primo
72%
Legendarny Kruk
72%
Rzadki Rosa
69%
Rzadki Barley
66%
Rzadki Poco
65%
Mityczny Mortis
63%
Rzadki Brock
61%
Ultralegendarny Sirius
60%
Bardzo Rzadki Jessie
59%
Bardzo Rzadki Rico
59%
Epicki Edgar
58%
Bardzo Rzadki Dynamike
57%
Ultralegendarny Kaze
57%
Epicki Frank
55%
Epicki Piper
55%
Legendarny Sandy
54%
Bardzo Rzadki 8-bitowiec
53%
Epicki Bo
52%
Epicki Bibi
51%
Epicki Emz
51%
Bardzo Rzadki Darryl
50%
Legendarny Surge
50%
Legendarny Amber
49%
Bardzo Rzadki Penny
49%
Bardzo Rzadki Tick
49%
Epicki Pam
48%
Mityczny Tara
46%
Bardzo Rzadki Carl
45%
Legendarny Kit
44%
Legendarny Meg
43%
Bardzo Rzadki Jacky
42%
Bardzo Rzadki Gus
41%
Mityczny Kieł
40%
Epicki Mandy
40%
Epicki Bea
39%
Legendarny Chester
38%
Mityczny Gene
38%
Epicki Colette
35%
Epicki Gale
35%
Legendarny Cordelius
34%
Legendarny Kenji
33%
Epicki Stu
33%
Mityczny Buzz
32%
Legendarny Draco
32%
Mityczny Maks
32%
Epicki Nani
31%
Mityczny Kiełek
30%
Mityczny Pan P
29%
Legendarny Pierce
29%
Mityczny Byron
28%
Mityczny Mico
28%
Epicki Sam
28%
Epicki Griff
27%
Epicki Grom
27%
Epicki Hank
27%
Epicki Larry i Lawrie
27%
Mityczny Lou
27%
Epicki Belle
26%
Mityczny Janet
26%
Epicki Lola
25%
Mityczny Ruffs
25%
Epicki Trunk
25%
Epicki Berry
24%
Epicki Bonnie
24%
Epicki Maisie
24%
Mityczny Otis
24%
Epicki Ash
23%
Mityczny Juju
23%
Mityczny Melodie
23%
Epicki Pearl
23%
Mityczny Willow
23%
Epicki Angelo
22%
Mityczny Lily
22%
Epicki Shade
22%
Mityczny Squeak
22%
Mityczny Charlie
21%
Mityczny Chuck
21%
Mityczny R-T
21%
Mityczny Doug
20%
Mityczny Glowy
20%
Mityczny Gray
20%
Mityczny Buster
19%
Mityczny Eve
19%
Mityczny Finx
19%
Mityczny Gigi
19%
Mityczny Najia
19%
Mityczny Alli
18%
Mityczny Lumi
18%
Mityczny Mina
18%
Mityczny Ziggy
18%
Epicki Meeple
17%
Mityczny Clancy
16%
Mityczny Moe
16%
Mityczny Ollie
16%
Mityczny Jae Yong
12%
Nie znaleziono quizów pasujących do podanych kryteriów
Rozkład punktacji
Procent ludzi z każdym wynikiem
Percentyl według liczby udzielonych odpowiedzi
Twoja historia wyników
Nie rozwiązałeś tego quizu od ostatniego zresetowania